[Event "KP 2024/25,J. Horice-Panda RK B"]
[Site "?"]
[Date "2025.03.02"]
[Round "9.5"]
[White "Sedivy, Ales"]
[Black "Novotny, Josef"]
[Result "0-1"]
[WhiteElo "1939"]
[BlackElo "1927"]
[PlyCount "125"]
[EventDate "2025.??.??"]

1. e4 e6 2. h3 d6 3. d4 h6 4. Nf3 Nf6 5. Bd3 Nc6 6. c3 a6 7. O-O e5 8. d5 Nb8
9. Be3 Nbd7 10. Nbd2 g5 11. Nh2 Rg8 12. Re1 h5 13. Ndf1 h4 14. b4 Be7 15. Rc1
Nf8 16. f3 Ng6 17. c4 Nh5 18. Ng4 Ngf4 19. Bxf4 gxf4 20. c5 Rg6 21. Qc2 Kf8 22.
Qc3 Qe8 23. Re2 Kg8 24. c6 Bd8 25. a4 b6 26. a5 b5 27. Kf2 Ng3 28. Nxg3 fxg3+
29. Ke1 Bxg4 30. fxg4 Bg5 31. Ra1 Qb8 32. Kd1 Qa7 33. Kc2 Rf6 34. Kb3 Be3 35.
Rae1 Bd4 36. Qd2 Rf4 37. Bc2 Kh8 38. Qc1 Rg8 39. Bd3 Rg6 40. Rf1 Bf2 41. Rd1
Rgf6 42. Qd2 Bd4 43. Rde1 Kh7 44. Kc2 Kg6 45. Kb3 Bf2 46. Rd1 Bd4 47. Rde1 Bg1
48. Qc1 Bf2 49. Rd1 Bd4 50. Rde1 Rf2 51. Qd2 Rxe2 52. Rxe2 Bg1 53. Re1 Rf2 54.
Re2 Qd4 55. Qc3 Qxc3+ 56. Kxc3 Rf1 57. Ra2 Bd4+ 58. Kb3 Rd1 59. Kc2 Rg1 60. Kb3
Kg5 61. Re2 Kf4 62. Kc2 Bf2 63. Kd2 0-1

[Event "KP 2024/25,J. Horice-Panda RK B"]
[Site "?"]
[Date "2025.03.02"]
[Round "9.6"]
[White "Cermak, Miroslav"]
[Black "Kohout, Jan"]
[Result "1-0"]
[WhiteElo "1897"]
[BlackElo "1888"]
[PlyCount "53"]
[EventDate "2025.??.??"]

1. d4 c6 2. c3 e6 3. Nf3 Be7 4. e4 d5 5. Nbd2 dxe4 6. Nxe4 Nf6 7. Bd3 Nbd7 8.
Nxf6+ Bxf6 9. Qc2 Nf8 10. h4 h5 11. Bg5 Bd7 12. O-O-O Qc7 13. g3 O-O-O 14. Bf4
Qb6 15. Ng5 Be8 16. Ne4 Be7 17. Nd2 c5 18. Nc4 Qc6 19. Na5 Qa4 20. Qxa4 Bxa4
21. b3 Be8 22. Be4 Rd7 23. dxc5 Bxc5 24. Rxd7 Kxd7 25. Nxb7 Bxf2 26. Rd1+ Ke7
27. Bd6+ 1-0

[Event "KP 2024/25,J. Horice-Panda RK B"]
[Site "?"]
[Date "2025.03.02"]
[Round "9.7"]
[White "Safarik, Kamil"]
[Black "Mares, Ilja"]
[Result "0-1"]
[WhiteElo "1879"]
[BlackElo "1825"]
[PlyCount "94"]
[EventDate "2025.??.??"]

1. e4 d6 2. d4 Nf6 3. Bd3 Nc6 4. c3 g6 5. Ne2 Bg7 6. O-O O-O 7. Na3 e5 8. f4
Bg4 9. d5 Ne7 10. fxe5 dxe5 11. Nc4 Ne8 12. Bg5 f6 13. Bh4 Kh8 14. Ne3 Bd7 15.
Qc2 c6 16. c4 Bh6 17. Nd1 Rc8 18. Qb3 b5 19. cxb5 cxb5 20. Kh1 f5 21. exf5 gxf5
22. Qa3 Nf6 23. Qd6 Ng6 24. Bf2 e4 25. Bb1 Qc7 26. Qxc7 Rxc7 27. Bd4 Bg7 28. d6
Rc6 29. a4 Ra6 30. Ne3 Ne8 31. Bxg7+ Kxg7 32. Rd1 Nxd6 33. Bc2 f4 34. Nd5 Rc8
35. Nb4 Rb6 36. a5 Rbc6 37. Nxc6 Rxc6 38. Bxe4 Nxe4 39. Rxd7+ Kh6 40. Rxa7 Rc2
41. Nc3 Nf2+ 42. Kg1 Nh4 43. a6 Ng4 44. Nd1 Rxg2+ 45. Kh1 Rxh2+ 46. Kg1 Nf3+
47. Kf1 Rd2 0-1

[Event "KP 2024/25,J. Horice-Panda RK B"]
[Site "?"]
[Date "2025.03.02"]
[Round "9.8"]
[White "Krautschneider, Daniel Jan"]
[Black "Matejak, Josef"]
[Result "1-0"]
[WhiteElo "1774"]
[BlackElo "1662"]
[PlyCount "100"]
[EventDate "2025.??.??"]

1. e4 e5 2. Nf3 Nc6 3. Bc4 d6 4. d4 Be7 5. Nc3 Nf6 6. h3 h6 7. O-O a6 8. dxe5
dxe5 9. Qxd8+ Bxd8 10. Bd5 Nd7 11. Be3 f6 12. Rad1 Nb6 13. Bxb6 cxb6 14. Rd2
Bc7 15. Rfd1 b5 16. a3 g5 17. Ba2 Rh7 18. Nd5 Bd8 19. Nh2 h5 20. Nf1 g4 21. h4
Rd7 22. Nfe3 a5 23. Nf5 Nd4 24. Nxd4 exd4 25. Rxd4 Ra7 26. Nf4 Rxd4 27. Rxd4
Bb6 28. Rd5 g3 29. Rxh5 Bxf2+ 30. Kf1 Bg4 31. Rh8+ Kd7 32. Nd3 Bb6 33. Rf8 Be6
34. Rxf6 Bxa2 35. Rxb6 Bb1 36. Ne1 b4 37. axb4 axb4 38. Rxb4 Kc6 39. Rb3 Ra4
40. Re3 Kd6 41. b3 Ra2 42. Rc3 Ke5 43. Ke2 Kxe4 44. Kd2 Ra6 45. Rxg3 Rh6 46.
Re3+ Kd4 47. Nf3+ Kc5 48. Kc1 Ba2 49. Kb2 Rg6 50. Re2 Ra6 1-0

[Event "KP 2024/25,J. Jaromer-TJ Hronov"]
[Site "?"]
[Date "2025.03.02"]
[Round "9.1"]
[White "Hubka, Lubos"]
[Black "Stepan, Michal"]
[Result "1/2-1/2"]
[WhiteElo "1988"]
[BlackElo "2040"]
[PlyCount "100"]
[EventDate "2025.??.??"]
[SourceVersionDate "2025.03.03"]

1. e4 e6 2. Nf3 d5 3. exd5 exd5 4. d4 Nf6 5. Bd3 c5 6. c3 c4 7. Bc2 Bd6 8. O-O
O-O 9. Bg5 Bg4 10. h3 Bh5 11. g4 Bg6 12. b3 Bxc2 13. Qxc2 h6 14. Be3 Nbd7 15.
bxc4 dxc4 16. Nbd2 Qc7 17. Qf5 Rfe8 18. Rab1 Rac8 19. Nh4 Re6 20. Qf3 b6 21.
Nf5 Qc6 22. Qxc6 Rxc6 23. Nxd6 Rexd6 24. Rbc1 Rd5 25. f3 Ra5 26. Rc2 Nd5 27.
Kf2 b5 28. Rb1 a6 29. Ne4 Re6 30. Bd2 N5f6 31. Re1 Nd5 32. f4 N5f6 33. Nxf6+
Nxf6 34. Kf3 Kf8 35. Re5 Nd7 36. Rxe6 fxe6 37. Bc1 Ke7 38. h4 Kd6 39. h5 Nf6
40. a3 Ra4 41. g5 hxg5 42. fxg5 Nxh5 43. Rh2 g6 44. Ke4 a5 45. Rf2 Ng3+ 46. Kf4
Nf5 47. Ke4 b4 48. cxb4 axb4 49. axb4 Ng3+ 50. Kf4 Nf5 1/2-1/2

[Event "KP 2024/25,J. Jaromer-TJ Hronov"]
[Site "?"]
[Date "2025.03.02"]
[Round "9.2"]
[White "Velecky, Viktor"]
[Black "Prouza, Pavel"]
[Result "1-0"]
[WhiteElo "2060"]
[BlackElo "1982"]
[PlyCount "125"]
[EventDate "2025.??.??"]
[SourceVersionDate "2025.03.03"]

1. d4 d5 2. Nf3 Nf6 3. Nbd2 e6 4. e3 c5 5. b3 Nc6 6. Bb2 Bd6 7. Bd3 cxd4 8.
exd4 O-O 9. O-O Nb4 10. Be2 Qc7 11. c4 dxc4 12. bxc4 Rd8 13. Qb3 a5 14. a3 a4
15. Qc3 Nc6 16. Rac1 Qa5 17. Qc2 Be7 18. Bc3 Qa7 19. Qb2 Na5 20. Ne5 Nc6 21.
Nxc6 bxc6 22. Bf3 Rb8 23. Qa1 Bb7 24. c5 Nd5 25. Rfd1 Bg5 26. Rb1 Bxd2 27. Bxd2
Ba6 28. Bxd5 Rxd5 29. Bf4 Rbd8 30. Qc3 Bb5 31. Qg3 Qe7 32. Be5 f6 33. Bd6 Qf7
34. f4 Qg6 35. Qe3 Re8 36. h3 h5 37. Kh2 Qf5 38. Rbc1 Kf7 39. Rd2 Rh8 40. Re1
Re8 41. Qf2 Qg6 42. Qf3 h4 43. Re3 Qf5 44. Qf2 Qh5 45. Rf3 Rf5 46. Rb2 Rd5 47.
Rb1 Qf5 48. Re1 Qh5 49. g4 hxg3+ 50. Rxg3 Qf5 51. Reg1 Rg8 52. Qg2 g6 53. Qd2
Kg7 54. Rg4 Qe4 55. Qa5 Kh6 56. Rh4+ Rh5 57. Rxh5+ Kxh5 58. Qc7 Kh6 59. Qf7 Ra8
60. Qxf6 Be2 61. Be5 Qf5 62. Qg7+ Kh5 63. Qh7# 1-0

[Event "KP 2024/25,J. Jaromer-TJ Hronov"]
[Site "?"]
[Date "2025.03.02"]
[Round "9.3"]
[White "Wenke, Oldrich"]
[Black "Drasnar, Lukas"]
[Result "1-0"]
[WhiteElo "1966"]
[BlackElo "1982"]
[PlyCount "45"]
[EventDate "2025.??.??"]
[SourceVersionDate "2025.03.03"]

1. e4 e5 2. Bc4 Nf6 3. d4 exd4 4. e5 d5 5. Bb5+ c6 6. exf6 Qa5+ 7. c3 Qxb5 8.
Qxd4 gxf6 9. Ne2 Be6 10. Qxf6 Rg8 11. Nf4 Be7 12. Nxe6 fxe6 13. Qxe6 Rxg2 14.
Qc8+ Kf7 15. Qf5+ Ke8 16. Nd2 Nd7 17. Nb3 Rg6 18. Be3 Qa4 19. O-O-O Qxa2 20.
Kc2 Qa6 21. Rhe1 Kd8 22. Qf7 Nf8 23. Bg5 1-0

[Event "KP 2024/25,J. Jaromer-TJ Hronov"]
[Site "?"]
[Date "2025.03.02"]
[Round "9.4"]
[White "Prochazka, Jan"]
[Black "Zeman, Vojtech"]
[Result "1/2-1/2"]
[WhiteElo "1854"]
[BlackElo "1767"]
[PlyCount "39"]
[EventDate "2025.??.??"]
[SourceVersionDate "2025.03.03"]

1. e4 c5 2. Nf3 Nc6 3. Bb5 e6 4. O-O Nge7 5. d4 cxd4 6. Nxd4 Ng6 7. Nc3 Be7 8.
Be3 O-O 9. Qe2 a6 10. Bxc6 bxc6 11. Rad1 Qc7 12. f4 d6 13. Nb3 a5 14. Qh5 c5
15. Rf3 f5 16. Rh3 Kf7 17. exf5 exf5 18. Nd5 Qb7 19. g4 Be6 20. Nxe7 1/2-1/2

[Event "KP 2024/25,J. Jaromer-TJ Hronov"]
[Site "?"]
[Date "2025.03.02"]
[Round "9.5"]
[White "Stankova, Radka"]
[Black "Vagner, Patrik"]
[Result "1/2-1/2"]
[WhiteElo "1930"]
[BlackElo "1806"]
[PlyCount "24"]
[EventDate "2025.??.??"]
[SourceVersionDate "2025.03.03"]

1. e4 c6 2. Nc3 d5 3. Nf3 Bg4 4. h3 Bxf3 5. Qxf3 e6 6. b3 Nd7 7. exd5 cxd5 8.
Bb2 Ngf6 9. g4 h6 10. O-O-O Qc7 11. Nb5 Qb6 12. Bd4 Bc5 1/2-1/2

[Event "KP 2024/25,J. Jaromer-TJ Hronov"]
[Site "?"]
[Date "2025.03.02"]
[Round "9.6"]
[White "Franc, Martin Frantisek"]
[Black "Marxova, Sarka"]
[Result "1/2-1/2"]
[WhiteElo "1817"]
[BlackElo "1688"]
[PlyCount "31"]
[EventDate "2025.??.??"]
[SourceVersionDate "2025.03.03"]

1. d4 d5 2. Nf3 Nf6 3. e3 Bf5 4. Be2 e6 5. O-O Bd6 6. c4 c6 7. Nc3 O-O 8. b3
Nbd7 9. a4 Ne4 10. Nxe4 Bxe4 11. Ba3 Bxa3 12. Rxa3 Nf6 13. c5 Qc7 14. h3 Bxf3
15. Bxf3 e5 16. Re1 1/2-1/2

[Event "KP 2024/25,J. Jaromer-TJ Hronov"]
[Site "?"]
[Date "2025.03.02"]
[Round "9.7"]
[White "Minar, Lukas"]
[Black "Gorecki, Janusz"]
[Result "1-0"]
[WhiteElo "1676"]
[BlackElo "1730"]
[PlyCount "69"]
[EventDate "2025.??.??"]
[SourceVersionDate "2025.03.03"]

1. e4 d5 2. exd5 Qxd5 3. Nf3 Bf5 4. d4 e6 5. Bd3 Nf6 6. c4 Bb4+ 7. Bd2 Qa5 8.
Bxf5 Bxd2+ 9. Qxd2 Qxf5 10. Nc3 O-O 11. O-O Rd8 12. Rad1 Nc6 13. Qe3 a6 14. Rd2
h6 15. h3 Re8 16. Re1 Rad8 17. Ne4 Nxe4 18. Qxe4 Qf6 19. Ne5 Rd6 20. Re3 Nd8
21. Rg3 Qf5 22. Qh4 Kh7 23. Rdd3 Qf6 24. Qg4 g6 25. Rdf3 Qg7 26. Qf4 g5 27. Qg4
f6 28. Qh5 Re7 29. h4 fxe5 30. hxg5 Qg6 31. Qh3 Rf7 32. gxh6 Rxf3 33. gxf3 Qxh6
34. Qg4 Qf8 35. Qg6+ 1-0

[Event "KP 2024/25,J. Jaromer-TJ Hronov"]
[Site "?"]
[Date "2025.03.02"]
[Round "9.8"]
[White "Szablewski, Krzysztof"]
[Black "Kunes, Jan"]
[Result "1-0"]
[WhiteElo "1877"]
[BlackElo "1865"]
[PlyCount "55"]
[EventDate "2025.??.??"]
[SourceVersionDate "2025.03.03"]

1. f4 c5 2. Nf3 Nf6 3. e3 Nc6 4. d4 cxd4 5. exd4 e6 6. c3 d6 7. Bc4 Be7 8. O-O
O-O 9. Nbd2 a6 10. Qe2 b5 11. Bd3 Bb7 12. Ne4 g6 13. Neg5 Qd7 14. Bd2 Rac8 15.
Rae1 Na5 16. f5 gxf5 17. Bxf5 Bd5 18. b3 Bd8 19. Bd3 Kg7 20. Ne4 Bxe4 21. Bxe4
d5 22. Ne5 Qe8 23. Bb1 Nc6 24. Ng4 Ng8 25. Rf3 f5 26. Ne5 Nxe5 27. Qxe5+ Bf6
28. Qxe6 1-0

[Event "KP 2024/25,Jiskra N. Bydzov-SK Lipa C"]
[Site "?"]
[Date "2025.03.02"]
[Round "9.1"]
[White "Kohout, Martin"]
[Black "Pokorny, Zdenek"]
[Result "0-1"]
[WhiteElo "2010"]
[BlackElo "2190"]
[PlyCount "66"]
[EventDate "2025.??.??"]
[TimeControl "900+10"]

{600MB, Fritz10.ctg} 1. e4 e5 2. Nf3 Nc6 3. Bb5 a6 4. Ba4 d6 5. O-O Bg4 6. h3
Bh5 7. c3 Nf6 8. d3 h6 9. Nbd2 g5 10. Bxc6+ bxc6 11. d4 g4 12. hxg4 Bxg4 13.
dxe5 Nh5 14. Nc4 Rg8 15. Qd3 d5 16. Na5 Bh3 17. Ng5 Bd7 18. Nxf7 Kxf7 19. Qf3+
Kg6 20. exd5 cxd5 21. Qxd5 Kh7 22. Qf7+ Ng7 23. Rd1 Be7 24. Qc4 Qe8 25. Be3 Be6
26. Qe4+ Bf5 27. Qc4 Qg6 28. Nc6 Ne6 29. g3 Rae8 30. Nd4 Nxd4 31. Rxd4 c5 32.
Rd2 Be4 33. Bxc5 Qf5 0-1

[Event "KP 2024/25,Jiskra N. Bydzov-SK Lipa C"]
[Site "?"]
[Date "2025.03.02"]
[Round "9.2"]
[White "Kratky, Josef"]
[Black "Vanek, Tomas"]
[Result "1-0"]
[WhiteElo "2086"]
[BlackElo "1910"]
[PlyCount "101"]
[EventDate "2025.??.??"]
[TimeControl "900+10"]

{600MB, Fritz10.ctg} 1. d4 d5 2. Nf3 e6 3. c4 Nf6 4. g3 Nbd7 5. Bg2 dxc4 6. Qc2
Bd6 7. O-O O-O 8. Nbd2 c6 9. Nxc4 Bc7 10. b3 Rb8 11. Ba3 Re8 12. Nd6 Bxd6 13.
Bxd6 Ra8 14. e4 Nb6 15. Bf4 Qe7 16. Ne5 Rd8 17. Rad1 Bd7 18. a4 Rac8 19. Qc5
Qxc5 20. dxc5 Na8 21. Bg5 Be8 22. Rxd8 Rxd8 23. Ng4 Rd3 24. Bxf6 gxf6 25. Nxf6+
Kf8 26. Rb1 Ke7 27. e5 Nc7 28. f4 Nd5 29. Ne4 f6 30. exf6+ Nxf6 31. Nxf6 Kxf6
32. Rb2 Bg6 33. b4 Rc3 34. Kf2 Bf5 35. Bf3 Bc2 36. a5 e5 37. fxe5+ Kxe5 38. a6
bxa6 39. Ra2 Be4 40. Bxe4 Kxe4 41. Rxa6 Rc2+ 42. Kg1 Rb2 43. Rxa7 h5 44. Rf7
Ke3 45. Rf4 Rc2 46. Rf6 Rb2 47. Rxc6 Rxb4 48. Rh6 Kf3 49. Rf6+ Ke3 50. c6 Rc4
51. Kg2 1-0

[Event "KP 2024/25,Jiskra N. Bydzov-SK Lipa C"]
[Site "?"]
[Date "2025.03.02"]
[Round "9.3"]
[White "Vanicek, Vojtech"]
[Black "Fiedler, Bedrich"]
[Result "0-1"]
[WhiteElo "1913"]
[BlackElo "2060"]
[PlyCount "64"]
[EventDate "2025.??.??"]
[TimeControl "900+10"]

{600MB, Fritz10.ctg} 1. e4 c5 2. Nf3 d6 3. d4 cxd4 4. Nxd4 Nf6 5. Nc3 g6 6. Be3
Bg7 7. f3 Nc6 8. Bc4 O-O 9. Qd2 Bd7 10. O-O-O Rc8 11. Bb3 Ne5 12. Kb1 a6 13. h4
h5 14. g4 Nc4 15. Bxc4 Rxc4 16. e5 Nxg4 17. fxg4 Bxg4 18. Qd3 b5 19. Rd2 Bxe5
20. Nce2 Qa8 21. Rg1 Bg7 22. Bf2 d5 23. Ng3 e5 24. Nb3 d4 25. Na5 Ra4 26. Nb3
Bh6 27. Be1 Qd5 28. c3 f5 29. cxd4 exd4 30. Nxd4 Qxa2+ 31. Kc1 Rc8+ 32. Nc2
Qa1# 0-1

[Event "KP 2024/25,Jiskra N. Bydzov-SK Lipa C"]
[Site "?"]
[Date "2025.03.02"]
[Round "9.4"]
[White "Humlicek, Vojtech"]
[Black "Mrazek, Vladimir"]
[Result "1-0"]
[WhiteElo "1971"]
[BlackElo "1815"]
[PlyCount "65"]
[EventDate "2025.??.??"]
[TimeControl "900+10"]

{600MB, Fritz10.ctg} 1. e4 c6 2. d4 d5 3. e5 Bf5 4. Nf3 e6 5. c3 a6 6. Be2 c5
7. O-O Nc6 8. a3 c4 9. b4 b5 10. a4 Bxb1 11. axb5 Nb8 12. Rxb1 Qb6 13. Qa4 Ne7
14. Bd2 Nc8 15. Ra1 Be7 16. Ne1 O-O 17. Nc2 Bd8 18. Na3 Qb7 19. Qd1 Nb6 20. Bh5
Qe7 21. g3 N8d7 22. f4 g6 23. Bf3 Kg7 24. Ra2 Rh8 25. g4 Qe8 26. Be1 Nf8 27.
Rg2 f5 28. Qc2 Kf7 29. Kh1 Ke7 30. Rfg1 Kd7 31. gxf5 exf5 32. Nxc4 dxc4 33.
Bc6+ 1-0

[Event "KP 2024/25,Jiskra N. Bydzov-SK Lipa C"]
[Site "?"]
[Date "2025.03.02"]
[Round "9.5"]
[White "Bednar, Milos"]
[Black "Nemec, Otakar"]
[Result "1-0"]
[WhiteElo "1863"]
[BlackElo "1829"]
[PlyCount "85"]
[EventDate "2025.??.??"]
[TimeControl "900+10"]

{600MB, Fritz10.ctg} 1. e4 c5 2. c3 d5 3. exd5 Qxd5 4. d4 e6 5. Nf3 Nf6 6. Na3
Nc6 7. Nb5 Qd8 8. dxc5 Bxc5 9. Qxd8+ Kxd8 10. Bf4 Nd5 11. Rd1 Ke7 12. Bg3 a6
13. Nc7 Nxc7 14. Bxc7 b5 15. b4 Ba7 16. Bd6+ Kf6 17. Bd3 Bb7 18. O-O Rac8 19.
Be4 Rhd8 20. Ne5 h5 21. Nxc6 Bxc6 22. Bxc6 Rxc6 23. Be5+ Ke7 24. Bxg7 Rxd1 25.
Rxd1 f6 26. Rd3 e5 27. Bh6 Ke6 28. Bd2 Rd6 29. Rxd6+ Kxd6 30. Kf1 Kd5 31. Ke2
Kc4 32. f3 f5 33. g3 e4 34. fxe4 fxe4 35. h3 Bb8 36. Bf4 Ba7 37. Be5 Kd5 38.
Bh8 Ke6 39. g4 hxg4 40. hxg4 Bb6 41. Bd4 Bd8 42. Ke3 Kd5 43. Kf4 1-0

[Event "KP 2024/25,Jiskra N. Bydzov-SK Lipa C"]
[Site "?"]
[Date "2025.03.02"]
[Round "9.6"]
[White "Tsapanidis, Vasilis"]
[Black "Vanicek, Lukas"]
[Result "1/2-1/2"]
[WhiteElo "1827"]
[BlackElo "1815"]
[PlyCount "120"]
[EventDate "2025.??.??"]
[TimeControl "900+10"]

{600MB, Fritz10.ctg} 1. e4 c5 2. Nf3 g6 3. d4 b6 4. Bc4 Bb7 5. d5 Bg7 6. O-O d6
7. Nc3 a6 8. a4 Nd7 9. Bf4 Ngf6 10. Qd2 Ng4 11. Be2 O-O 12. h3 Nge5 13. Bh6
Nxf3+ 14. Bxf3 Ne5 15. Be2 Qe8 16. Bxg7 Kxg7 17. f4 Nd7 18. Nd1 Nf6 19. Bf3 e5
20. dxe6 Qxe6 21. e5 Ne4 22. Bxe4 Bxe4 23. Nc3 d5 24. Rae1 f5 25. exf6+ Rxf6
26. Rf2 Qc6 27. Nxe4 dxe4 28. Rfe2 Re8 29. b3 b5 30. axb5 axb5 31. g3 Rd6 32.
Qc3+ Kg8 33. Rd2 Rxd2 34. Qxd2 c4 35. bxc4 Qxc4 36. Rd1 Qc5+ 37. Kf1 Rc8 38.
Qd5+ Qxd5 39. Rxd5 Rxc2 40. Rxb5 Rh2 41. h4 e3 42. Re5 Rf2+ 43. Kg1 Rf3 44. Kg2
Rf2+ 45. Kh3 e2 46. g4 Rf3+ 47. Kg2 Rxf4 48. Kg3 Ra4 49. Rxe2 Kf7 50. g5 Ra7
51. Rf2+ Kg7 52. Kg4 Ra4+ 53. Rf4 Ra5 54. Rb4 Ra7 55. h5 gxh5+ 56. Kxh5 Ra6 57.
Rb7+ Kg8 58. Rc7 Rb6 59. Rc5 Kg7 60. Rd5 Rc6 1/2-1/2

[Event "KP 2024/25,Jiskra N. Bydzov-SK Lipa C"]
[Site "?"]
[Date "2025.03.02"]
[Round "9.7"]
[White "Ficek, Martin"]
[Black "Moravec, Radovan"]
[Result "1-0"]
[WhiteElo "1729"]
[BlackElo "1719"]
[PlyCount "79"]
[EventDate "2025.??.??"]
[TimeControl "900+10"]

{600MB, Fritz10.ctg} 1. e4 e6 2. d4 d5 3. exd5 exd5 4. Bd3 Bd6 5. f3 Ne7 6. Ne2
Bf5 7. Nbc3 c6 8. Bg5 f6 9. Bh4 Qb6 10. a3 Nd7 11. b4 O-O 12. Bf2 Rfe8 13. Qd2
Qc7 14. Ng3 Bf4 15. Qd1 Nf8 16. Nce2 Bxd3 17. Qxd3 Neg6 18. O-O Bd6 19. c4 Ne6
20. c5 Bf4 21. Rad1 Re7 22. Kh1 Rae8 23. Nf5 Rd7 24. g3 Bg5 25. Nd6 Red8 26. f4
Nexf4 27. Nxf4 Nxf4 28. gxf4 Bxf4 29. Bg3 Bxg3 30. Qxg3 Kf8 31. Qh4 Kg8 32. Rg1
Rf8 33. Rdf1 Qd8 34. Rf3 Qe7 35. Rfg3 Qe2 36. R3g2 Qd3 37. Rg3 Qd2 38. Qh3 Re7
39. Qg2 Qh6 40. Nf5 1-0

[Event "KP 2024/25,Jiskra N. Bydzov-SK Lipa C"]
[Site "?"]
[Date "2025.03.02"]
[Round "9.8"]
[White "Portych, Vaclav"]
[Black "Rozenek, Roman"]
[Result "1/2-1/2"]
[WhiteElo "1796"]
[BlackElo "1809"]
[PlyCount "48"]
[EventDate "2025.??.??"]
[TimeControl "900+10"]

{600MB, Fritz10.ctg} 1. c4 e5 2. Nc3 Nf6 3. Nf3 Nc6 4. g3 Bc5 5. Bg2 d6 6. O-O
Be6 7. b3 O-O 8. Bb2 Nd7 9. e3 Bg4 10. d3 f5 11. Qd2 f4 12. d4 fxe3 13. fxe3
Bb6 14. Nd5 Qe8 15. Nxb6 axb6 16. dxe5 Qh5 17. Nh4 Ndxe5 18. Bxe5 Qxe5 19. Qd5+
Qxd5 20. Bxd5+ Kh8 21. Rxf8+ Rxf8 22. Rf1 Rxf1+ 23. Kxf1 Nb4 24. Bxb7 Nxa2
1/2-1/2

[Event "KP 2024/25,Panda RK B-TJ Nachod B"]
[Site "Rychnov nad Kněžnou, Czech R"]
[Date "2025.03.23"]
[Round "10.1"]
[White "Horák, Jan"]
[Black "Dostal, Pavel"]
[Result "1/2-1/2"]
[WhiteElo "2161"]
[BlackElo "2006"]
[PlyCount "68"]
[EventDate "2025.??.??"]

1. d4 d6 2. e4 Nf6 3. Nc3 e5 4. Nge2 Be7 5. g3 Bg4 6. Bg2 Nc6 7. h3 Bc8 8. O-O
O-O 9. Be3 a6 10. a4 Re8 11. f4 exd4 12. Nxd4 Bd7 13. g4 Nxd4 14. Bxd4 Bc6 15.
g5 Nd7 16. b4 b6 17. h4 Bb7 18. h5 c5 19. bxc5 dxc5 20. Be3 c4 21. Qg4 Bc5 22.
Bxc5 Nxc5 23. Rad1 Qe7 24. g6 fxg6 25. hxg6 h6 26. e5 Rad8 27. Qe2 Rxd1 28.
Qxc4+ Qe6 29. Qxe6+ Rxe6 30. Rxd1 Rxg6 31. Rd2 Ne6 32. f5 Rxg2+ 33. Rxg2 Bxg2
34. Kxg2 Nd4 1/2-1/2

[Event "KP 2024/25,Panda RK B-TJ Nachod B"]
[Site "Rychnov nad Kněžnou, Czech R"]
[Date "2025.03.23"]
[Round "10.2"]
[White "Jirman, Jonas"]
[Black "Kroulik, Vaclav"]
[Result "0-1"]
[WhiteElo "1794"]
[BlackElo "2031"]
[PlyCount "120"]
[EventDate "2025.??.??"]

1. e4 c5 2. Nf3 d6 3. d4 cxd4 4. Nxd4 Nf6 5. Nc3 Nc6 6. Bg5 Bd7 7. Qd2 a6 8. f4
Qb6 9. O-O-O Qxd4 10. Qxd4 Nxd4 11. Rxd4 e6 12. Be2 h6 13. Bh4 Rg8 14. e5 g5
15. Bg3 gxf4 16. Bxf4 Ng4 17. Ne4 d5 18. Bxg4 dxe4 19. Bh3 Bc6 20. Re1 Bc5 21.
Rdd1 h5 22. g3 h4 23. Bg2 Bf2 24. Re2 hxg3 25. Bxg3 Bxg3 26. hxg3 Rxg3 27. Bxe4
Bxe4 28. Rxe4 Rc8 29. c3 Rc5 30. Rd2 Rg5 31. Rde2 b5 32. Kd2 Rd5+ 33. Kc2 Kd7
34. b3 Kc6 35. c4 bxc4 36. Rxc4+ Rc5 37. Kd3 Rxc4 38. bxc4 Kc5 39. Re4 Rg3+ 40.
Kc2 Rg2+ 41. Kb3 Rf2 42. a3 Rf3+ 43. Kb2 a5 44. Ka2 a4 45. Kb2 Rb3+ 46. Ka2 Rc3
47. Rf4 Rc2+ 48. Kb1 Rxc4 49. Rxf7 Kd5 50. Rb7 Kxe5 51. Kb2 Kd4 52. Rd7+ Ke4
53. Rh7 e5 54. Rh3 Kd4 55. Rg3 e4 56. Rg8 e3 57. Rg4+ Kd3 58. Rxc4 Kxc4 59. Kc2
Kd4 60. Kc1 Kc3 0-1

[Event "KP 2024/25,Panda RK B-TJ Nachod B"]
[Site "Rychnov nad Kněžnou, Czech R"]
[Date "2025.03.23"]
[Round "10.3"]
[White "Novotny, Josef"]
[Black "Pultar, Petr"]
[Result "1-0"]
[WhiteElo "1927"]
[BlackElo "1898"]
[PlyCount "109"]
[EventDate "2025.??.??"]

1. e3 d5 2. d3 Nf6 3. Nf3 Bg4 4. Nc3 e6 5. a3 Nbd7 6. h3 Bh5 7. g4 Bg6 8. h4 h6
9. h5 Bh7 10. Bh3 g5 11. hxg6 Bxg6 12. b3 Bg7 13. Bb2 a6 14. Qe2 Qe7 15. O-O-O
Nh7 16. e4 d4 17. Nb1 e5 18. Nbd2 b5 19. Kb1 Ng5 20. Nh4 Ne6 21. Nf5 Qf6 22.
Bf1 Bf8 23. Rc1 Nf4 24. Qf3 b4 25. axb4 Bxb4 26. Nc4 a5 27. Nxe5 Bxf5 28. exf5
Qxe5 29. Qxa8+ Ke7 30. Qe4 Nd5 31. Qxe5+ Nxe5 32. Bxd4 f6 33. c3 Ba3 34. Re1
Rb8 35. Ka2 Bd6 36. Rxh6 Kd7 37. Rh7+ Be7 38. g5 Kd6 39. gxf6 Bxf6 40. Rh6 Re8
41. Bg2 c5 42. Bxe5+ Rxe5 43. Rxe5 Nxc3+ 44. Kb2 Nd1+ 45. Kc2 Kxe5 46. Kxd1
Kxf5 47. Be4+ Ke5 48. f4+ Ke6 49. Ke2 Ke7 50. Kf3 Kf7 51. Kg4 Kg7 52. Rh7+ Kf8
53. Kf5 Bg7 54. Kg6 Bd4 55. f5 1-0

[Event "KP 2024/25,Panda RK B-TJ Nachod B"]
[Site "Rychnov nad Kněžnou, Czech R"]
[Date "2025.03.23"]
[Round "10.4"]
[White "Hepnar, David"]
[Black "Daniel, Jiri"]
[Result "0-1"]
[WhiteElo "1816"]
[BlackElo "1951"]
[PlyCount "62"]
[EventDate "2025.??.??"]

1. e4 c6 2. c4 g6 3. Nc3 Bg7 4. Nf3 d6 5. d4 Nd7 6. Be2 Qc7 7. O-O Ngf6 8. Bg5
h6 9. Be3 O-O 10. Qd2 Kh7 11. Nh4 a6 12. a4 e5 13. dxe5 Nxe5 14. h3 Be6 15. b3
d5 16. f4 Ned7 17. f5 Nxe4 18. Nxe4 gxf5 19. Nc3 Qe5 20. Rac1 d4 21. Nxf5 Bxf5
22. Rxf5 Qxe3+ 23. Qxe3 dxe3 24. Bd3 Kh8 25. Ne2 Rae8 26. g3 Re5 27. Rf4 Nc5
28. Bc2 a5 29. Rcf1 Rd8 30. Rxf7 Rd2 31. Rc7 Rxc2 0-1

[Event "KP 2024/25,Panda RK B-TJ Nachod B"]
[Site "Rychnov nad Kněžnou, Czech R"]
[Date "2025.03.23"]
[Round "10.5"]
[White "Dvorak, Milan"]
[Black "Novotný, Jan"]
[Result "1-0"]
[WhiteElo "1880"]
[BlackElo "1898"]
[PlyCount "95"]
[EventDate "2025.??.??"]

{[%evp 0,95,27,25,44,38,38,38,41,26,38,-16,-17,4,29,25,26,20,23,0,5,-10,-16,
-15,7,-9,16,-23,-29,-49,-41,-48,-39,-44,-40,-30,-23,-63,-60,-55,-30,-11,2,-63,
-47,-102,-43,-55,-45,-52,-44,-57,-35,-37,-10,-9,23,-46,8,10,54,53,47,-34,164,
171,191,200,199,210,209,94,184,190,195,192,421,443,531,136,136,136,136,135,135,
127,169,169,169,169,173,173,264,266,266,201,29987,29988]} 1. e4 c5 2. Nf3 Nc6
3. Bb5 g6 4. Bxc6 dxc6 5. b3 Bg7 6. Nc3 e5 7. Bb2 Qd6 8. h3 Nf6 9. Qe2 O-O 10.
O-O Nh5 11. d3 Bd7 12. Qe3 Rad8 13. Qg5 Nf4 14. Kh1 f6 15. Qh4 Rf7 16. Rae1 g5
17. Qg3 h5 18. h4 g4 19. Nd2 Bh6 20. Nc4 Qf8 21. Qh2 Ne6 22. Ne2 Nd4 23. Nxd4
cxd4 24. Ba3 c5 25. Bc1 Be6 26. f4 Bxc4 27. bxc4 Re8 28. g3 exf4 29. Bxf4 Bxf4
30. Rxf4 f5 31. Qd2 Rfe7 32. Ref1 Qh6 33. Rxg4+ Kh7 34. Rg5 fxe4 35. dxe4 Rxe4
36. Qd3 Kh8 37. Rxc5 Qe6 38. Rxh5+ Kg8 39. Kg2 Re2+ 40. Rf2 Rxf2+ 41. Kxf2 Qe1+
42. Kg2 Re2+ 43. Kh3 Qh1+ 44. Kg4 Re4+ 45. Kf5 Re7 46. Rg5+ Kf8 47. Kg4 Qg1 48.
Qf5+ 1-0

[Event "KP 2024/25,Panda RK B-TJ Nachod B"]
[Site "Rychnov nad Kněžnou, Czech R"]
[Date "2025.03.23"]
[Round "10.6"]
[White "Bednar, Jiri"]
[Black "Cermak, Miroslav"]
[Result "0-1"]
[WhiteElo "1905"]
[BlackElo "1897"]
[PlyCount "62"]
[EventDate "2025.??.??"]
[SourceVersionDate "2025.03.23"]

1. e4 e6 2. d4 b6 3. Nf3 Bb7 4. Bd3 Be7 5. Be3 d6 6. c4 Nd7 7. Nc3 a6 8. O-O g5
9. Nd2 h5 10. f4 gxf4 11. Bxf4 Ngf6 12. Nf3 Nf8 13. Qe2 Ng6 14. Bg5 Nh7 15.
Bxe7 Qxe7 16. Qe3 e5 17. Nd5 Bxd5 18. exd5 Nf4 19. dxe5 Nxd3 20. Qxd3 dxe5 21.
Nxe5 O-O 22. Rf5 f6 23. Nf3 Qc5+ 24. Kh1 Rae8 25. Rxh5 Re7 26. Re1 Rg7 27. Re2
Rd8 28. Qd4 Qd6 29. Rh4 b5 30. cxb5 axb5 31. Rhe4 Nf8 {bily prohral na čas}
0-1